Daň z pridanej hodnoty po 1. januári 2006

Od 1. 1. 2006 nadobudol účinnosť zákon č. 523/2005 Z.z., ktorým sa mení a dopĺňa zákon č. 222/2004 Z.z. o dani z pridanej hodnoty v znení neskorších predpisov. Hlavným obsahom novelizácie je predovšetkým zavedenie nového oslobodenia od dane pri poskytovaní služieb právnickou osobou iným právnickým...

Full description

Saved in:
Bibliographic Details
Main Author: Rybánsky, Ľudovít
Format: Book Chapter
Language:Slovak
Subjects:
Tags: Add Tag
No Tags, Be the first to tag this record!

MARC

LEADER 00000naa$a2200000$$$4500
001 0039122
005 20231109114245.5
041 0 |a slo 
044 |a SK 
245 1 0 |a Daň z pridanej hodnoty po 1. januári 2006  |c Ľudovít Rybánsky 
520 |a Od 1. 1. 2006 nadobudol účinnosť zákon č. 523/2005 Z.z., ktorým sa mení a dopĺňa zákon č. 222/2004 Z.z. o dani z pridanej hodnoty v znení neskorších predpisov. Hlavným obsahom novelizácie je predovšetkým zavedenie nového oslobodenia od dane pri poskytovaní služieb právnickou osobou iným právnickým alebo fyzickým osobám, ktoré vykonávajú činnosť oslobodenú od dane alebo činnosť, ktorá nie je predmetom dane a viaceré technicko-legislatívne úpravy, ktoré si vyžiadala nejednotná aplikácia niektorých ustanovení zákona v praxi. 
610 2 0 |a dane z hodnoty pridanej 
610 2 0 |a zákony 
610 2 0 |a novelizácia 
610 2 0 |a Slovensko 
610 2 0 |a osoby fyzické 
610 2 0 |a osoby právnické 
610 2 0 |a služby 
100 1 |a Rybánsky, Ľudovít